Choix de monuments primitives de l'Eglise chrétienne (Record no. 48292)
[ view plain ]
| 000 -LEADER | |
|---|---|
| campo de control de longitud fija | 01250nam a22002655i 4500 |
| 001 - NÚMERO DE CONTROL | |
| campo de control | 48292 |
| 003 - IDENTIFICADOR DE NÚMERO DE CONTROL | |
| campo de control | ES-MaACL |
| 005 - FECHA Y HORA DE LA ÚLTIMA TRANSACCIÓN | |
| campo de control | 20250829114856.0 |
| 007 - CAMPO FIJO DE DESCRIPCIÓN FÍSICA--INFORMACIÓN GENERAL | |
| campo de control de longitud fija | t| |
| 008 - DATOS DE LONGITUD FIJA--INFORMACIÓN GENERAL | |
| campo de control de longitud fija | 950712s1840 fr ||||1| fre d |
| 245 00 - MENCIÓN DEL TÍTULO | |
| Título | Choix de monuments primitives de l'Eglise chrétienne |
| Resto del título | : avec notices littéraires... |
| 260 ## - PUBLICACIÓN, DISTRIBUCIÓN, ETC. | |
| Lugar de publicación, distribución, etc. | Paris : |
| Nombre del editor, distribuidor, etc. | Auguste Desrez, |
| Fecha de publicación, distribución, etc. | 1840. |
| 300 ## - DESCRIPCIÓN FÍSICA | |
| Extensión | XXIII, 772 p. ; |
| Dimensiones | 26 cm. |
| 490 1# - MENCIÓN DE SERIE | |
| Mención de serie | Panthéon littéraire. Littérature latine. Philosophie chrétienne |
| 505 8# - NOTA DE CONTENIDO CON FORMATO | |
| Nota de contenido con formato | Contiene: Correspondance entre Pline et Trajan au sujet des chrétiens . Vingt-trois traités / Tertullien . Octavius / Minucius Félix . Douze traités / Saint Cyprien . Mort des persécuteurs . Institutions divines. Colére de Dieu . Oeuvre de Dieu / Lactance . Erreurs des religions profanes / J.F. Maternus. |
| 700 1# - ENTRADA AGREGADA--NOMBRE PERSONAL | |
| Nombre de persona | Tertuliano, Quinto Septimio Florente, |
| Fechas asociadas al nombre | ca. 160-220 |
| 9 (RLIN) | 109810 |
| 700 1# - ENTRADA AGREGADA--NOMBRE PERSONAL | |
| Nombre de persona | Félix, Minucius. |
| 9 (RLIN) | 49212 |
| 700 0# - ENTRADA AGREGADA--NOMBRE PERSONAL | |
| Nombre de persona | Cipriano, |
| Títulos y otros términos asociados al nombre | Santo, |
| -- | Obispo de Cartago. |
| 9 (RLIN) | 38871 |
| 700 1# - ENTRADA AGREGADA--NOMBRE PERSONAL | |
| Nombre de persona | Lactancio. |
| 9 (RLIN) | 69417 |
| 700 1# - ENTRADA AGREGADA--NOMBRE PERSONAL | |
| Nombre de persona | Maternus, J.F. |
| 9 (RLIN) | 78994 |
| 700 1# - ENTRADA AGREGADA--NOMBRE PERSONAL | |
| Nombre de persona | Desrez, Auguste. |
| 9 (RLIN) | 43932 |
| 830 1# - PUNTO DE ACCESO ADICIONAL DE SERIE-TÍTULO UNIFORME | |
| Título uniforme | Panthéon littéraire. Littérature latine. Philosophie chrétienne |
| 9 (RLIN) | 182229 |
| 852 ## - LOCALIZACIÓN | |
| Ubicación | ES-MaACL |
| Número de control de estantería | G-13583 |
| Estatus retirado | Estado de pérdida | Estado de daño | No para préstamo | Colección | Biblioteca de origen | Biblioteca actual | Ubicación en estantería | Fecha de adquisición | Fuente de adquisición | Total de préstamos | Signatura topográfica completa | Código de barras | Visto por última vez | Precio de reemplazo | Tipo de ítem Koha |
|---|---|---|---|---|---|---|---|---|---|---|---|---|---|---|---|
| Libros del s. XIX | Biblioteca del Ateneo de Madrid | Biblioteca del Ateneo de Madrid | Sala Pecera Planta 3 | 17/01/2008 | G-13583 | 1050824 | 23/02/2023 | 23/02/2023 | Libro impreso antiguo |
